000 00664nam a2200205Ia 4500
005 20241129111305.0
008 241129s9999||||xx |||||||||||||| ||und||
037 _aTB
040 _aCRL
_bpun
_cCRL
041 _apun
_2pun
084 _a2N7 153P4
_qCRL
100 _aਨਵਲਾਣੀ, ਕਿਸ਼ਨੀ, ਚ।
245 0 _aਸੂਚਨਾ ਸੰਚਾਰ
_cਨਵਲਾਣੀ, ਕਿਸ਼ਨੀ, ਚ।
260 _aਪਟਿਆਲਾ, ਭਾਰਤ
_bਪੰਜਾਬੀ ਯੂਨੀਵਰਸਿਟੀ
_c2004
300 _a235gz0
365 _aINR
_b200
650 _aLibrary Science
942 _cTB
_h2N7 153P4
999 _c1229767
_d1229767